Guess the Lyrics #45 - Statistics

General Stats
  • This quiz has been taken 1,593 times
    992 since last reset
  • The average score is 110 of 264
Answer Stats
Lyrics % Correct
I
98%
a
96%
A
96%
you
92%
the
90%
me
82%
me,
82%
When
80%
to
79%
love
78%
and
77%
do
77%
it
76%
it,
76%
your,
75%
your
75%
is
74%
be
71%
in
70%
In
70%
(In
70%
on
70%
my
65%
No
65%
no
65%
then
62%
what
60%
for
58%
want
58%
of
57%
She
57%
I'm
54%
if
52%
don't
51%
Like
49%
all
46%
It's
46%
it's
46%
us
45%
Oh,
40%
time
40%
I'll
39%
need
35%
take
34%
life,
32%
up,
31%
with
31%
every
30%
Make
28%
make
28%
worn-down
27%
out
25%
yeah,
25%
comes
22%
Two
18%
(Two
18%
we'll
18%
cause,
16%
cause
16%
Bet
11%
soul,
11%
care?
9%
girls
9%
boys
7%
boys)
7%
break
7%
let's
7%
Let's
7%
Stay
7%
stay
7%
today
7%
shy,
6%
through
6%
word
6%
rock
4%
roll
4%
roll,
4%
bottom
3%
lovers
3%
sex,
3%
coffee
2%
dollar
2%
scene
2%
shout
2%
talking
2%
drugs,
1%
drums,
1%
freak
1%
Glamorous
1%
Glamorous Indie Rock & Roll - The Killers
1%
indie
1%
Indie
1%
plays
1%
shop
1%
twist
1%
clutch,
0%
Electric
0%
flipping
0%
magazine
0%
magazine)
0%
screens
0%
silver
0%
store
0%
tambourine
0%
thrift
0%
toys
0%
No matching quizzes found
Score Distribution
Percent of People with Each Score
Percentile by Number Answered
Your Score History
You have not taken this quiz since the last reset